000 00303nam a22001337a 4500
008 181001b xxu||||| |||| 00| 0 eng d
020 _a9780471575054
041 _aeng
080 _23rd
_a541
100 _a12
101 _aKIM
245 _aMicroscale Organic Laboratory
_cMayo,D,W
942 _2udc
_cBK
999 _c48744
_d48744